000 00473nam a2200181Ia 4500
005 20250508160926.0
008 008 250505s9999 xx 000 0 eng d
037 _aTextual
040 _aFEDL
_beng
_cFEDL
041 _aeng
_2eng
084 _a400, COO
_qFEDL
100 _aCooper David E
245 0 _aKnowledge of language
260 _aLondon, UK
_bPrism Press
_c1975
300 _aviii,196p.
942 _cTEXL
_h400, COO
999 _c1367430
_d1367430